Video Game Characters by Picture #1 - Statistics

General Stats
  • This quiz has been taken 40 times
  • The average score is 12 of 20
Answer Stats
Picture Answer % Correct
Lara Croft
95%
Luigi
95%
Kirby
89%
Pac-Man
89%
Mega Man
84%
Spyro
79%
Tails
79%
Master Chief
76%
Rayman
74%
Agent 47
66%
Duke Nukem
66%
GLaDOS
55%
Vaas Montenegro
42%
Mr. Game & Watch
39%
Trevor Philips
37%
Captain Price
34%
Bald Bull
29%
Pit
26%
Lee Everett
21%
B.J. Blazkowicz
16%
No matching quizzes found
Score Distribution
Percent of People with Each Score
Percentile by Number Answered
Your Score History
You have not taken this quiz